|
|
|
|
| LEADER |
01769nam a2200457 a 4500 |
| 001 |
000756885 |
| 003 |
CZ BrMZK |
| 005 |
20171109124644.0 |
| 007 |
ta |
| 008 |
041221s2004 xr acfher 000 0bcze d |
| 015 |
|
|
|a cnb001297810
|
| 020 |
|
|
|a 80-7196-275-9
|q (brož.)
|
| 035 |
|
|
|a (OCoLC)85126202
|
| 040 |
|
|
|a BOA001
|b cze
|
| 072 |
|
7 |
|a 00
|x Věda. Všeobecnosti. Základy vědy a kultury. Vědecká práce
|2 Konspekt
|9 12
|
| 072 |
|
7 |
|a 929
|x Biografie
|2 Konspekt
|9 8
|
| 080 |
|
|
|a 929
|2 MRF
|
| 080 |
|
|
|a 5-051
|2 MRF
|
| 080 |
|
|
|a 001.894-051
|2 MRF
|
| 080 |
|
|
|a (437.3)
|2 MRF
|
| 080 |
|
|
|a (0.062)
|2 MRF
|
| 080 |
|
|
|a (092)
|2 MRF
|
| 100 |
1 |
|
|a Kolomý, Rudolf,
|d 1932-2014
|7 jk01061391
|4 aut
|
| 245 |
1 |
0 |
|a Prokop Diviš :
|b vynálezce uzemněného bleskovodu /
|c Rudolf Kolomý
|
| 250 |
|
|
|a 1. vyd.
|
| 260 |
|
|
|a Praha :
|b Prometheus,
|c 2004
|
| 300 |
|
|
|a 48 s., [8] s. obr. příl. :
|b il., portréty, faksimile ;
|c 21 cm
|
| 490 |
1 |
|
|a Velké postavy vědeckého nebe ;
|v sv. 13
|
| 500 |
|
|
|a Publikace byla připravena ve spolupráci s JČMF
|
| 504 |
|
|
|a Obsahuje bibliografii
|
| 600 |
1 |
7 |
|a Diviš, Prokop,
|d 1696-1765
|7 jk01022331
|2 czenas
|
| 650 |
0 |
7 |
|a přírodovědci
|7 ph137317
|z Česko
|y 17.-18. stol.
|2 czenas
|
| 650 |
0 |
7 |
|a objevitelé a vynálezci
|7 ph137320
|z Česko
|y 17.-18. stol.
|2 czenas
|
| 655 |
|
7 |
|a populárně-naučné publikace
|7 fd131864
|2 czenas
|
| 655 |
|
7 |
|a biografie
|7 fd131909
|2 czenas
|
| 830 |
|
0 |
|a Velké postavy vědeckého nebe
|0 s
|
| 856 |
4 |
1 |
|u http://www.digitalniknihovna.cz/mzk/uuid/uuid:092da9a0-dc75-11e5-984e-005056827e52
|y Digitalizovaný dokument
|x NDK
|
| 910 |
|
|
|a BOA001
|b 2-1142.999
|
| 990 |
|
|
|a BK
|
| 991 |
|
|
|b 200502
|c NOV
|
| 996 |
6 |
|
|b 2610237170
|c 2-1142.999
|l MZK
|r Sklad / do 1 hodiny
|n 2
|p p.v.
|w 000756885
|u 000010
|a 1
|e BOA001
|j MZK50
|s P
|